Normal view
MARC view
- جريمة ومجرمون - جنوح الاحداث - السعودية
Entry Topical Term
001 - CONTROL NUMBER
- control field: 19764
003 - CONTROL NUMBER IDENTIFIER
- control field: JO-AjAnu
005 - DATE AND TIME OF LATEST TRANSACTION
- control field: 20230606073441.0
008 - FIXED-LENGTH DATA ELEMENTS
- fixed length control field: 230606|| aca||aabn | a|a d
040 ## - CATALOGING SOURCE
- Original cataloging agency: JO-AjAnu
- Transcribing agency: JO-AjAnu
150 ## - HEADING--TOPICAL TERM
- Topical term or geographic name entry element: جريمة ومجرمون - جنوح الاحداث - السعودية
670 ## - SOURCE DATA FOUND
- Source citation: Work cat.: (JO-AjAnu)10147: تأليف: السيف، محمد بن إبراهيم ؛ تقديم: مدير مركز ابحاث مكافحة الجريمة بوزارة الداخلية, author 19763, منهج في علم اجتماع الانحراف و علم الاجتماع الجنائي :الظاهرة الأجرامية في ثقافة و بناء المجتمع السعودي بين التصور الإجتماعي و حقائق الاتجاه الإسلامي